| 000 | 00615 a2200217 4500 | ||
|---|---|---|---|
| 020 | _aS/N | ||
| 040 | _aULA-LD-MS | ||
| 082 | _b043.2 | ||
| 082 | _b658/SAM/L | ||
| 100 |
_91092 _aSAMBO, Dilson Octávio Manuel |
||
| 245 | _aLiderança como Factor de Sucesso nas Organizações | ||
| 246 | _aEstudo do Caso: Direção Municipal de Educação do Cazenga (2022 - 2023) | ||
| 250 | _aS/N | ||
| 260 |
_aLuanda _c2022 |
||
| 300 | _a81p. | ||
| 600 | 0 | _aSAMBO, Dilson Octávio Manuel | |
| 650 | _aGestão de Recursos Humanos | ||
| 700 | _a Dilson Octávio Manuel SAMBO, | ||
| 942 | _cTFC | ||
| 999 |
_c2268 _d2268 |
||